[Event "Pardubice rapid op 33rd"]
[Site "Pardubice"]
[Date "2022.07.20"]
[Round "1"]
[White "Rasik, Vitezslav"]
[Black "Abisso, Filippo"]
[Result "1-0"]
[WhiteElo "2419"]
[BlackElo "1595"]
[PlyCount "56"]
[EventDate "2022.07.20"]
[EventType "swiss (rapid)"]
[EventRounds "9"]
[EventCountry "CZE"]
[SourceTitle "CBM 209 Extra"]
[Source "ChessBase"]
[SourceDate "2022.09.30"]
[SourceVersion "1"]
[SourceVersionDate "2022.09.30"]
[SourceQuality "1"]

1. e4 c5 2. Nf3 Nc6 3. Bb5 e6 4. 0-0 Nge7 5. c3 a6 6. Ba4 b5 7. Bc2 Ng6 8. d4 d5 9. dxc5 Bxc5 10. exd5 exd5 11. Nbd2 0-0 12. Nb3 Ba7 13. Re1 Bg4 14. h3 Be6 15. Ng5 Qf6 16. Qf3 Qxf3 17. Nxf3 Rfe8 18. Be3 b4 19. Bxa7 Rxa7 20. cxb4 Nxb4 21. Bxg6 hxg6 22. Nbd4 Nd3 23. Re2 Nc5 24. Rc1 Ne4 25. Rec2 Raa8 26. Rc7 Red8 27. Ne5 Nd6 28. Nxg6 Rac8 1-0

[Event "Mestre Sheraton op-B 1st"]
[Site "Mestre"]
[Date "2021.02.26"]
[Round "1"]
[White "Grudina, Marco"]
[Black "Abisso, Filippo"]
[Result "0-1"]
[WhiteElo "1698"]
[BlackElo "1423"]
[PlyCount "106"]
[EventDate "2021.02.26"]
[EventType "swiss"]
[EventRounds "5"]
[EventCountry "ITA"]
[SourceTitle "EXT 2023"]
[Source "ChessBase"]
[SourceDate "2022.10.05"]
[SourceVersion "1"]
[SourceVersionDate "2022.10.05"]
[SourceQuality "1"]

1. e4 c5 2. Nf3 e6 3. d4 cxd4 4. Nxd4 a6 5. c4 Nf6 6. Nc3 Qc7 7. Bd3 Be7 8. 0-0 d6 9. Kh1 Nbd7 10. f4 h5 11. Be3 b6 12. Rc1 Bb7 13. f5 Ng4 14. fxe6 Nxe3 15. exf7+ Kd8 16. Ne6+ Kc8 17. Nxc7 Nxd1 18. Nxa8 Nxc3 19. Nxb6+ Nxb6 20. Rxc3 Nd7 21. b4 Bf6 22. Rcc1 Ne5 23. Bb1 Nxf7 24. c5 dxc5 25. Rxc5+ Kb8 26. a4 h4 27. h3 Re8 28. Ba2 Ng5 29. Bd5 Bxd5 30. Rxd5 Nxe4 31. Rb1 Nc3 32. Rdd1 Nxb1 33. Rxb1 Kb7 34. Kg1 Kb6 35. Kf1 Re4 36. Kf2 Be7 37. b5 a5 38. Rc1 Bc5+ 39. Kf3 Rxa4 40. Re1 Kxb5 41. Re5 Rc4 42. Rg5 Rc3+ 43. Ke2 Rg3 44. Rh5 g5 45. Kf1 a4 46. Rh8 a3 47. Rb8+ Kc4 48. Ra8 Rb3 49. Ra4+ Bb4 50. Kf2 Rg3 51. Kf1 Kb3 52. Ra8 a2 53. Ra6 Kb2 0-1